| Tag |
First Indicator |
Second Indicator |
Subfields |
| LEADER |
00000cam a22000004a 4500 |
| 001 |
in00002169607 |
| 005 |
20151104061626.0 |
| 008 |
060424s2006 dcuab b 000 0 eng |
| 010 |
|
|
|a 2006013513
|
| 020 |
|
|
|a 0892064854 (pbk. : alk. paper)
|
| 024 |
3 |
|
|a 9780892064854
|
| 035 |
|
|
|a (OCoLC)ocm67945139
|
| 040 |
|
|
|a DLC
|c DLC
|d BAKER
|d C#P
|d UtOrBLW
|
| 042 |
|
|
|a pcc
|
| 049 |
|
|
|a TXAM
|
| 050 |
0 |
0 |
|a U793
|b .C665 2006
|
| 100 |
1 |
|
|a Cordesman, Anthony H.
|
| 245 |
1 |
0 |
|a Iran's weapons of mass destruction :
|b the real and potential threat /
|c Anthony H. Cordesman and Khalid R. Al-Rodhan.
|
| 264 |
|
1 |
|a Washington, D.C. :
|b Center for Strategic and International Studies,
|c [2006]
|
| 264 |
|
4 |
|c ©2006
|
| 300 |
|
|
|a xiv, 366 pages :
|b illustrations, maps ;
|c 23 cm.
|
| 336 |
|
|
|a text
|b txt
|2 rdacontent
|
| 337 |
|
|
|a unmediated
|b n
|2 rdamedia
|
| 338 |
|
|
|a volume
|b nc
|2 rdacarrier
|
| 490 |
1 |
|
|a Significant issues series,
|x 0736-7136 ;
|v v. 28, no. 3
|
| 504 |
|
|
|a Includes bibliographical references.
|
| 650 |
|
0 |
|a Weapons of mass destruction
|z Iran.
|
| 651 |
|
0 |
|a Iran
|x Strategic aspects.
|
| 651 |
|
0 |
|a Iran
|x Politics and government
|y 1997-
|
| 700 |
1 |
|
|a Al-Rodhan, Khalid R.
|
| 830 |
|
0 |
|a Significant issues series.
|x 0736-7136 ;
|v v. 28, no. 3.
|
| 856 |
4 |
1 |
|3 Table of contents
|u http://www.loc.gov/catdir/toc/ecip0612/2006013513.html
|t 0
|
| 945 |
|
|
|i PromptCat
|
| 947 |
|
|
|a A14834349556
|
| 994 |
|
|
|a 92
|b TXA
|
| 948 |
|
|
|a cataloged
|b h
|c 2006/8/9
|d c
|e aklinger
|f 10:25:54 am
|
| 999 |
|
|
|a MARS
|
| 999 |
f |
f |
|s b8b418f0-cabc-3691-8c06-4bca345064c8
|i 982ad022-c868-3740-95a0-aeb1e2b13faf
|t 0
|
| 952 |
f |
f |
|p ric
|a Texas A&M University
|b Rellis Campus
|c Joint Library Facility
|d Remote Storage
|t 0
|e U793 .C665 2006
|h Library of Congress classification
|i unmediated -- volume
|m A14834349556
|
| 998 |
f |
f |
|a U793 .C665 2006
|t 0
|l Remote Storage
|